000 00575nam a2200217Ia 4500
001 902
003 GE_BSU
008 181216s||||||||xx |||||||||||||| ||und||
020 _a5893494482
040 _cGE_BSU
080 _a811.161.1(075.8):808.5
100 _aЖуковская, Е.В.
245 _aИтоговые тесты по русскому языку и культуре речи.
245 _bУчебное пособие.
260 _aМосква
260 _bФлинта
260 _c2003
300 _a176 с.
541 _h6 л.
942 _cBK
999 _c35062
_d35062